[Event "24th Klatovy B 2016"]
[Site "Klatovy CZE"]
[Date "2016.07.02"]
[Round "1.27"]
[White "Sova, Zdenek"]
[Black "Rosenbaumova, Lea"]
[Result "1-0"]
[WhiteElo "1747"]
[BlackElo "1351"]
[PlyCount "127"]
[EventDate "2016.07.02"]
[EventType "swiss"]
[EventRounds "9"]
[EventCountry "CZE"]

1. Nf3 Nf6 2. d4 c5 3. c3 e6 4. g3 Nc6 5. Bg2 d5 6. O-O Be7 7. dxc5 Bxc5 8. Nbd2 O-O 9. Nb3 Bb6 10. Qc2 e5 11. Bg5 Qd6 12. Rad1 Be6 13. Bxf6 gxf6 14. Qc1 Qe7 15. Nh4 Rfd8 16. Qh6 Rd6 17. c4 dxc4 18. Rxd6 Qxd6 19. Be4 Rd8 20. Bxh7+ Kh8 21. Bf5+ Kg8 22. Qh7+ Kf8 23. Bxe6 fxe6 24. Ng6+ Ke8 25. Nh8 Qe7 26. Qh5+ Kd7 27. Nd2 Na5 28. Ne4 Kc8 29. Nf7 Kb8 30. Nxd8 Bxd8 31. Rd1 Nc6 32. e3 Bc7 33. Qe2 f5 34. Nc3 Qb4 35. h4 f4 36. Qg4 Qf8 37. Nb5 fxe3 38. fxe3 Bb6 39. Qg5 a6 40. Rf1 Qc8 41. Nd6 Qd7 42. Nxc4 Bc7 43. Qg4 Qe7 44. Rd1 Qb4 45. Qxe6 Qa4 46. Qd5 Qxa2 47. Qd3 Nb4 48. Qc3 Nc6 49. Rc1 Qa4 50. Qa3 Qb5 51. Qc3 Qd5 52. Qd2 Qe4 53. Qg2 Qg4 54. b3 Nb4 55. Nd2 Nd3 56. Rf1 Qb4 57. Qe2 Nc5 58. Rb1 Ba5 59. Qc4 Qxd2 60. Qxc5 Qd3 61. Rf1 b6 62. Rf8+ Kb7 63. Qc8+ Ka7 64. Qb8# 1-0

[Event "24th Klatovy B 2016"]
[Site "Klatovy CZE"]
[Date "2016.07.02"]
[Round "1.28"]
[White "Peterek, Zbynek"]
[Black "Spackova, Martina 1992"]
[Result "1-0"]
[WhiteElo "1314"]
[BlackElo "1731"]
[PlyCount "84"]
[EventDate "2016.07.02"]
[EventType "swiss"]
[EventRounds "9"]
[EventCountry "CZE"]

1. e4 e5 2. Bc4 Nc6 3. Nf3 Nf6 4. d3 Be7 5. Nc3 d6 6. h3 O-O 7. Be3 a6 8. Qd2 Na5 9. O-O-O b5 10. Bb3 Nxb3+ 11. cxb3 c5 12. g4 Bb7 13. Bg5 b4 14. Ne2 Nd7 15. h4 f6 16. Be3 a5 17. Ng3 d5 18. Qe2 d4 19. Bd2 a4 20. Kc2 Ra7 21. Nf5 Nb6 22. Ra1 Qd7 23. h5 Rfa8 24. Rab1 Rc8 25. Rhc1 Bf8 26. g5 Ba6 27. gxf6 gxf6 28. Rg1+ Kf7 29. Rg2 c4 30. bxc4 Nxc4 31. Kd1 Nxd2 32. Nxd2 Qe6 33. Qg4 Qc6 34. Qg8+ Ke8 35. Ng7+ Ke7 36. Nf5+ Ke8 37. Nc4 Bxc4 38. dxc4 Rf7 39. Rc1 Rcc7 40. h6 Rcd7 41. f3 Qc5 42. Ng7+ Kd8 1-0

[Event "24th Klatovy B 2016"]
[Site "Klatovy CZE"]
[Date "2016.07.02"]
[Round "1.29"]
[White "Kovar, Vaclav 1953"]
[Black "Skalicky, Jindrich"]
[Result "1-0"]
[WhiteElo "1730"]
[BlackElo "1311"]
[PlyCount "47"]
[EventDate "2016.07.02"]
[EventType "swiss"]
[EventRounds "9"]
[EventCountry "CZE"]

1. d4 d5 2. c4 dxc4 3. Nc3 c6 4. e4 b5 5. Nf3 Bb7 6. a3 a6 7. g3 e6 8. Bg2 Nf6 9. Bg5 Be7 10. Qc2 Nfd7 11. Bf4 Nb6 12. Rd1 N8d7 13. O-O Nf6 14. Rfe1 Qd7 15. Ne5 Qc8 16. Be3 Nbd7 17. Nxd7 Nxd7 18. f4 Qc7 19. d5 cxd5 20. exd5 exd5 21. Nxd5 Qb8 22. Nxe7 Kxe7 23. Ba7+ Kf8 24. Bxb8 1-0

[Event "24th Klatovy B 2016"]
[Site "Klatovy CZE"]
[Date "2016.07.02"]
[Round "1.30"]
[White "Bauer, Jan 2005"]
[Black "Sroub, Jaroslav"]
[Result "1-0"]
[WhiteElo "1296"]
[BlackElo "1730"]
[PlyCount "61"]
[EventDate "2016.07.02"]
[EventType "swiss"]
[EventRounds "9"]
[EventCountry "CZE"]

1. e4 b6 2. Nc3 Bb7 3. Nf3 e6 4. Bc4 d5 5. exd5 exd5 6. Bb3 Nf6 7. d4 Be7 8. O-O O-O 9. Bg5 Re8 10. Re1 Nbd7 11. Ne5 Nf8 12. Ng4 c6 13. Nxf6+ Bxf6 14. Rxe8 Qxe8 15. Bxf6 gxf6 16. Qd2 Ne6 17. Re1 Qe7 18. Ne2 Kh8 19. Nf4 Rg8 20. c4 Qd7 21. cxd5 cxd5 22. Nh5 Qd8 23. Nf4 Ng5 24. Kh1 Ne4 25. Qe3 Re8 26. f3 Ng3+ 27. hxg3 Rxe3 28. Rxe3 Qc7 29. Kh2 Qd7 30. Nh5 Qd8 31. Ba4 1-0

[Event "24th Klatovy B 2016"]
[Site "Klatovy CZE"]
[Date "2016.07.02"]
[Round "1.31"]
[White "Zak, Jiri1"]
[Black "Kotal, Vit"]
[Result "1-0"]
[WhiteElo "1717"]
[BlackElo "1292"]
[PlyCount "81"]
[EventDate "2016.07.02"]
[EventType "swiss"]
[EventRounds "9"]
[EventCountry "CZE"]

1. d4 Nf6 2. c4 g6 3. Nc3 Bg7 4. e4 d6 5. g3 O-O 6. Nf3 Nbd7 7. Bg2 c5 8. d5 Nb6 9. Qd3 Re8 10. O-O a6 11. Re1 Ng4 12. h3 Ne5 13. Nxe5 Bxe5 14. f4 Bg7 15. Rb1 Qc7 16. Bd2 Bd7 17. b3 Rab8 18. Nd1 Nc8 19. Bc3 Bxc3 20. Qxc3 e6 21. Ne3 e5 22. f5 Ne7 23. Ng4 Kh8 24. Nf6 Rf8 25. Qe3 Ng8 26. Nxg8 Rxg8 27. f6 Qd8 28. Qg5 Rc8 29. Rb2 a5 30. a4 b6 31. Kf2 Ra8 32. Bf3 Qf8 33. Bg4 Bxg4 34. hxg4 Qd8 35. Kf3 Rg7 36. fxg7+ Kxg7 37. Qe3 Qf6+ 38. Kg2 g5 39. Rf2 Qg6 40. Ref1 Rf8 41. Rf6 1-0

[Event "24th Klatovy B 2016"]
[Site "Klatovy CZE"]
[Date "2016.07.02"]
[Round "1.32"]
[White "Vavrinkova, Marie"]
[Black "Stanik, Michal"]
[Result "0-1"]
[WhiteElo "1259"]
[BlackElo "1713"]
[PlyCount "48"]
[EventDate "2016.07.02"]
[EventType "swiss"]
[EventRounds "9"]
[EventCountry "CZE"]

1. e4 e6 2. d4 d5 3. exd5 exd5 4. Nd2 Nf6 5. Nb3 Bd6 6. Bg5 O-O 7. Nf3 Re8+ 8. Be2 Bg4 9. O-O Nbd7 10. Qd3 c6 11. h3 Bh5 12. Rfe1 Qc7 13. Rad1 h6 14. Bxf6 Nxf6 15. Rd2 Bg6 16. Qc3 Ne4 17. Qe3 Bb4 18. c3 Nxc3 19. bxc3 Rxe3 20. cxb4 Rc3 21. Nc1 Qf4 22. Nd3 Bxd3 23. Rxd3 Rxd3 24. Bxd3 Kf8 0-1

[Event "24th Klatovy B 2016"]
[Site "Klatovy CZE"]
[Date "2016.07.02"]
[Round "1.33"]
[White "Kubat, Martin"]
[Black "Severin, Alois"]
[Result "1-0"]
[WhiteElo "1709"]
[BlackElo "1240"]
[PlyCount "57"]
[EventDate "2016.07.02"]
[EventType "swiss"]
[EventRounds "9"]
[EventCountry "CZE"]

1. e4 e5 2. Nf3 d6 3. d4 Nc6 4. dxe5 Bd7 5. exd6 Bxd6 6. Bc4 Qe7 7. O-O Bg4 8. Nc3 Nf6 9. Bg5 Bxf3 10. Qxf3 Ne5 11. Qe2 Nxc4 12. Qxc4 O-O 13. Nd5 Qxe4 14. Nxf6+ gxf6 15. Qxe4 fxg5 16. Qf5 h6 17. Rad1 Rae8 18. c4 b6 19. Rfe1 Rxe1+ 20. Rxe1 Bb4 21. Rd1 Bc5 22. Qf6 Re8 23. Qxh6 f6 24. Qxf6 Rf8 25. Qxg5+ Kh8 26. Rd7 Bxf2+ 27. Kh1 Bd4 28. Qh5+ Kg8 29. Qh7# 1-0

[Event "24th Klatovy B 2016"]
[Site "Klatovy CZE"]
[Date "2016.07.02"]
[Round "1.34"]
[White "Stanke, Petr"]
[Black "Severin, Lubos"]
[Result "0-1"]
[WhiteElo "1239"]
[BlackElo "1694"]
[PlyCount "42"]
[EventDate "2016.07.02"]
[EventType "swiss"]
[EventRounds "9"]
[EventCountry "CZE"]

1. e4 e5 2. Nf3 Nc6 3. d4 exd4 4. Bc4 Nf6 5. c3 Nxe4 6. cxd4 d5 7. Bb5 Bd6 8. O-O Bg4 9. Qd3 O-O 10. Re1 Nb4 11. Qb3 Bxf3 12. gxf3 Nf6 13. Nc3 c6 14. Bf1 Rb8 15. Bd2 Na6 16. Qc2 Nc7 17. Rab1 Ne6 18. Be3 Bc7 19. Bd3 Qd6 20. Kf1 Rfe8 21. Ke2 Nxd4+ 0-1

[Event "24th Klatovy B 2016"]
[Site "Klatovy CZE"]
[Date "2016.07.02"]
[Round "1.35"]
[White "Svec, Vitezslav"]
[Black "Stanke, Vilem"]
[Result "1-0"]
[WhiteElo "1687"]
[BlackElo "1200"]
[PlyCount "95"]
[EventDate "2016.07.02"]
[EventType "swiss"]
[EventRounds "9"]
[EventCountry "CZE"]

1. d4 d5 2. Bf4 Nf6 3. Nf3 Bg4 4. Ne5 e6 5. h3 Bf5 6. e3 c5 7. c3 cxd4 8. exd4 Bd6 9. Bb5+ Nbd7 10. Nxd7 Nxd7 11. Bxd6 a6 12. Bd3 Bxd3 13. Qxd3 Nb6 14. Bh2 Qg5 15. O-O O-O 16. Nd2 Na4 17. Rab1 b5 18. Nf3 Qg6 19. Qxg6 hxg6 20. Ne5 Nb6 21. Rfc1 g5 22. Rc2 Rac8 23. Rbc1 f6 24. Nd3 a5 25. Re1 Rc6 26. Rce2 Kf7 27. f4 gxf4 28. Nxf4 Re8 29. g4 a4 30. Nd3 Nc4 31. Rf1 a3 32. b3 Kg8 33. bxc4 bxc4 34. Nb4 Rcc8 35. Rfe1 Kf7 36. Nc2 Ra8 37. Bd6 Ra6 38. Bxa3 Rea8 39. Rb1 Rxa3 40. Nxa3 Rxa3 41. Rb7+ Kg6 42. Rc2 f5 43. gxf5+ Kxf5 44. Rxg7 Ra8 45. Rf2+ Ke4 46. Rg4+ Kd3 47. Rg3+ Ke4 48. Re2+ 1-0

[Event "24th Klatovy B 2016"]
[Site "Klatovy CZE"]
[Date "2016.07.02"]
[Round "1.36"]
[White "Palla, Marek"]
[Black "Stvan, Marek"]
[Result "0-1"]
[WhiteElo "1191"]
[BlackElo "1679"]
[PlyCount "26"]
[EventDate "2016.07.02"]
[EventType "swiss"]
[EventRounds "9"]
[EventCountry "CZE"]

1. e4 c5 2. Nf3 d6 3. d4 cxd4 4. Nxd4 Nf6 5. Nc3 g6 6. Bb5+ Bd7 7. Bxd7+ Nbxd7 8. O-O Bg7 9. Bg5 O-O 10. Qe1 Nxe4 11. Bh4 Nxc3 12. Rd1 Nd5 13. c4 N5f6 0-1

[Event "24th Klatovy B 2016"]
[Site "Klatovy CZE"]
[Date "2016.07.02"]
[Round "1.37"]
[White "Macho, Miloslav"]
[Black "Psaila, Ocean"]
[Result "1-0"]
[WhiteElo "1675"]
[BlackElo "1046"]
[PlyCount "33"]
[EventDate "2016.07.02"]
[EventType "swiss"]
[EventRounds "9"]
[EventCountry "CZE"]

1. e4 c5 2. Nc3 d6 3. g3 Nf6 4. Bg2 g6 5. Nge2 Bg7 6. d3 O-O 7. O-O Nc6 8. Rb1 b6 9. e5 Nd7 10. Bxc6 Qc7 11. Bxa8 Bxe5 12. Bh6 Re8 13. Nb5 Qd8 14. Bg2 Bb7 15. Bxb7 Qb8 16. Bc6 Qc7 17. Nxc7 1-0

[Event "24th Klatovy B 2016"]
[Site "Klatovy CZE"]
[Date "2016.07.02"]
[Round "1.38"]
[White "Schille, Steffen"]
[Black "Stankova, Zuzana 1986"]
[Result "0-1"]
[WhiteElo "1566"]
[BlackElo "1673"]
[PlyCount "100"]
[EventDate "2016.07.02"]
[EventType "swiss"]
[EventRounds "9"]
[EventCountry "CZE"]

1. d4 Nf6 2. c4 e5 3. d5 Bc5 4. Bg5 Bxf2+ 5. Kxf2 Ng4+ 6. Ke1 Qxg5 7. Qd2 Qf6 8. Nf3 e4 9. h3 Ne5 10. Nxe5 Qxe5 11. e3 d6 12. Qf2 Na6 13. Nc3 Bd7 14. Rd1 O-O 15. Be2 f5 16. Rd4 Rf6 17. Bd1 Nb4 18. Bc2 Nxc2+ 19. Qxc2 Qg3+ 20. Qf2 Qxf2+ 21. Kxf2 Raf8 22. Ne2 Re8 23. Rf1 g5 24. Kg3 Kf7 25. Kh2 Rg8 26. Ng3 Kg6 27. Rd2 h5 28. Rdf2 Re8 29. Ne2 b5 30. b3 bxc4 31. bxc4 Rb8 32. Nc3 Rff8 33. Nxe4 Rfe8 34. Ng3 Re5 35. Re2 h4 36. Nh1 Re4 37. Rc1 f4 38. Nf2 Rxe3 39. Rxe3 fxe3 40. Nd3 Bf5 41. Ne1 Rb2 42. Ra1 e2 43. a3 Rd2 44. Nf3 Rd1 45. Ra2 e1=Q 46. Nxe1 Rxe1 47. Rb2 Rc1 48. Rb8 Rxc4 49. Rg8+ Kf6 50. Rf8+ Ke5 0-1

[Event "24th Klatovy B 2016"]
[Site "Klatovy CZE"]
[Date "2016.07.02"]
[Round "1.39"]
[White "Gorbunov, Artemiy"]
[Black "Svejdar, Pavel"]
[Result "1-0"]
[WhiteElo "1671"]
[BlackElo "1544"]
[PlyCount "41"]
[EventDate "2016.07.02"]
[EventType "swiss"]
[EventRounds "9"]
[EventCountry "CZE"]

1. e4 e5 2. Nf3 Nc6 3. d4 exd4 4. Nxd4 Bc5 5. Nb3 Bb6 6. Qe2 d6 7. Be3 Qf6 8. Nc3 Be6 9. O-O-O Bxe3+ 10. Qxe3 O-O-O 11. Nd5 Qg6 12. Bb5 Bd7 13. Bxc6 Bxc6 14. Qxa7 Qxe4 15. Qa8+ Kd7 16. Nc5+ dxc5 17. Nf6+ Ke6 18. Qxd8 Qf4+ 19. Kb1 Qxf6 20. Qc8+ Ke5 21. f4+ 1-0

[Event "24th Klatovy B 2016"]
[Site "Klatovy CZE"]
[Date "2016.07.02"]
[Round "1.40"]
[White "Tomascik, Petr"]
[Black "Pravda, Krystof"]
[Result "0-1"]
[WhiteElo "1484"]
[BlackElo "1669"]
[PlyCount "64"]
[EventDate "2016.07.02"]
[EventType "swiss"]
[EventRounds "9"]
[EventCountry "CZE"]

1. d4 d5 2. c4 e6 3. cxd5 exd5 4. Nc3 Nf6 5. Nf3 Be7 6. e3 O-O 7. Bd2 Ne4 8. Qc2 Bf5 9. Bd3 Nxd2 10. Nxd2 Be6 11. Bxh7+ Kh8 12. Bd3 c5 13. Nf3 Nc6 14. a3 f5 15. dxc5 Bxc5 16. Ne2 Qa5+ 17. Qd2 Bb4 18. Nc3 f4 19. O-O fxe3 20. Qxe3 Bxc3 21. Qxe6 Rf6 22. Qg4 Bxb2 23. Rad1 Qxa3 24. Ng5 Ne5 25. Qh5+ Rh6 26. Nf7+ Nxf7 27. Qxf7 Qd6 28. g3 b6 29. Be4 Rf8 30. Qxa7 d4 31. Bd3 Qe6 32. Rfe1 Qh3 0-1

[Event "24th Klatovy B 2016"]
[Site "Klatovy CZE"]
[Date "2016.07.02"]
[Round "1.41"]
[White "Leseticky, Vladimir"]
[Black "Mikes, Vlastislav 1983"]
[Result "1-0"]
[WhiteElo "1665"]
[BlackElo "1472"]
[PlyCount "31"]
[EventDate "2016.07.02"]
[EventType "swiss"]
[EventRounds "9"]
[EventCountry "CZE"]

1. e4 e5 2. Nf3 Nc6 3. Bc4 Bc5 4. b4 Bb6 5. b5 Na5 6. Bb3 Nxb3 7. axb3 d6 8. h3 Ne7 9. O-O Be6 10. Qe2 f5 11. Ng5 Bd7 12. Qc4 d5 13. exd5 Nxd5 14. d4 f4 15. Re1 Bxd4 16. Qxd4 1-0

[Event "24th Klatovy B 2016"]
[Site "Klatovy CZE"]
[Date "2016.07.02"]
[Round "1.42"]
[White "Kadlec, Rudolf"]
[Black "Maly, Jiri"]
[Result "1/2-1/2"]
[WhiteElo "1397"]
[BlackElo "1657"]
[PlyCount "65"]
[EventDate "2016.07.02"]
[EventType "swiss"]
[EventRounds "9"]
[EventCountry "CZE"]

1. e4 c5 2. d4 cxd4 3. Nf3 Nc6 4. Bc4 Nf6 5. e5 Ng4 6. Bf4 Qa5+ 7. c3 Ngxe5 8. Nxe5 Nxe5 9. Qxd4 Nxc4 10. Qxc4 d5 11. Qe2 e6 12. O-O Be7 13. Nd2 O-O 14. Nb3 Qa4 15. Nd4 a6 16. Rfe1 Qd7 17. b4 b5 18. Nf3 f6 19. Bd2 e5 20. Nd4 Ra7 21. Nb3 Rc7 22. Rac1 Bd6 23. Be3 Qf5 24. Qd2 Bb7 25. Bc5 Qd7 26. Bxd6 Qxd6 27. Na5 Ba8 28. a3 Rfc8 29. Nb3 d4 30. Nc5 Qd5 31. f3 a5 32. cxd4 exd4 33. Qd3 1/2-1/2

[Event "24th Klatovy B 2016"]
[Site "Klatovy CZE"]
[Date "2016.07.02"]
[Round "1.43"]
[White "Svec, Ludek"]
[Black "Filip, Petr 1952"]
[Result "1-0"]
[WhiteElo "1654"]
[BlackElo "1353"]
[PlyCount "73"]
[EventDate "2016.07.02"]
[EventType "swiss"]
[EventRounds "9"]
[EventCountry "CZE"]

1. d4 Nf6 2. Nf3 d5 3. g3 Nc6 4. c4 e6 5. Bg2 Be7 6. O-O b6 7. Ne5 Nxe5 8. dxe5 Ng4 9. cxd5 Nxe5 10. dxe6 Qxd1 11. exf7+ Nxf7 12. Rxd1 Rb8 13. Bc6+ Kf8 14. Bf4 Bh3 15. Nc3 g5 16. Be3 h5 17. Bg2 Bf5 18. Nb5 h4 19. Bd4 Rh5 20. e4 c5 21. Bc3 Be6 22. Nxa7 Rb7 23. Nb5 Rd7 24. Rxd7 Bxd7 25. Nc7 Bd6 26. Nd5 b5 27. Nf6 Be6 28. Nxh5 b4 29. Bf6 h3 30. Bf1 g4 31. Be2 Be5 32. Bxe5 Nxe5 33. Nf4 Bf7 34. a4 Nf3+ 35. Bxf3 gxf3 36. Rc1 c4 37. Nd5 1-0

[Event "24th Klatovy B 2016"]
[Site "Klatovy CZE"]
[Date "2016.07.02"]
[Round "1.44"]
[White "Gorbunov, Alexander 1998"]
[Black "Stross, Frantisek 1952"]
[Result "0-1"]
[WhiteElo "1353"]
[BlackElo "1652"]
[PlyCount "90"]
[EventDate "2016.07.02"]
[EventType "swiss"]
[EventRounds "9"]
[EventCountry "CZE"]

1. d4 d5 2. c4 Nf6 3. Bg5 h6 4. Bh4 e6 5. e3 Be7 6. Nc3 b6 7. Nh3 Ba6 8. Qa4+ c6 9. Bg3 Bb7 10. cxd5 b5 11. Qb3 exd5 12. a4 Qa5 13. Bd3 b4 14. Ne2 Bc8 15. O-O Bxh3 16. gxh3 Qd8 17. Rac1 a5 18. Bxb8 Rxb8 19. Rxc6 Qd7 20. Bb5 Rxb5 21. axb5 Qxh3 22. f3 O-O 23. Nf4 Qd7 24. Rfc1 Bd8 25. R1c5 Qf5 26. Qd3 Qg5+ 27. Ng2 Nd7 28. Rc2 Nb6 29. Qb3 Nc4 30. Kf2 Qh5 31. R6xc4 dxc4 32. Qxc4 Qxh2 33. b6 Bh4+ 34. Ke2 Qxg2+ 35. Kd3 Qxf3 36. b7 Qf1+ 37. Kd2 Qxc4 38. Rxc4 Bg3 39. e4 Rd8 40. Rc8 Rf8 41. Ke3 a4 42. d5 a3 43. bxa3 bxa3 44. d6 a2 45. Rc1 f5 {dále nečitelné} 0-1

[Event "24th Klatovy B 2016"]
[Site "Klatovy CZE"]
[Date "2016.07.02"]
[Round "1.45"]
[White "Ruzicka, Vaclav1"]
[Black "Vanek, Jiri1"]
[Result "0-1"]
[WhiteElo "1649"]
[BlackElo "1350"]
[PlyCount "114"]
[EventDate "2016.07.02"]
[EventType "swiss"]
[EventRounds "9"]
[EventCountry "CZE"]

1. Nf3 d5 2. b3 c5 3. Bb2 Nc6 4. e3 Bg4 5. Be2 Bxf3 6. Bxf3 e5 7. d3 Nf6 8. Nd2 Be7 9. O-O O-O 10. a3 Qc7 11. e4 d4 12. g3 Nd7 13. Bg2 Bg5 14. Nf3 Qd8 15. Bh3 Bf6 16. Bc1 Re8 17. Bxd7 Qxd7 18. Kg2 Rac8 19. h4 b5 20. Bd2 Bd8 21. Ng5 Ba5 22. Bxa5 Nxa5 23. f4 h6 24. Nh3 c4 25. b4 Nc6 26. dxc4 bxc4 27. f5 d3 28. Rf2 Qd4 29. cxd3 cxd3 30. Qe1 Red8 31. Rd1 Nb8 32. Rfd2 Rc3 33. Nf2 Qc4 34. Qe3 Rxa3 35. Rxd3 Rdxd3 36. Rxd3 Rxd3 37. Nxd3 Nc6 38. Kf3 Nd4+ 39. Kg4 Nxf5 40. Qf3 Nd6 41. Nxe5 Qe6+ 42. Kf4 Qf6+ 43. Ke3 Qxe5 44. Kd3 Qb5+ 45. Kc3 Qc4+ 46. Kd2 Qxb4+ 47. Ke3 Qc3+ 48. Kf4 Qxf3+ 49. Kxf3 a5 50. Ke3 a4 51. Kd3 a3 52. Kc2 Nxe4 53. g4 Kf8 54. Kb3 Nf2 55. g5 hxg5 56. hxg5 Ne4 57. g6 f5 0-1

[Event "24th Klatovy B 2016"]
[Site "Klatovy CZE"]
[Date "2016.07.02"]
[Round "1.46"]
[White "Celovsky, Jan"]
[Black "Ostry, Michal"]
[Result "0-1"]
[WhiteElo "1281"]
[BlackElo "1644"]
[PlyCount "42"]
[EventDate "2016.07.02"]
[EventType "swiss"]
[EventRounds "9"]
[EventCountry "CZE"]

1. e4 c5 2. Nf3 d6 3. d4 cxd4 4. Nxd4 Nf6 5. Nc3 g6 6. f3 Bg7 7. Be3 Nc6 8. Qd2 O-O 9. Bc4 Bd7 10. Bh6 Nxd4 11. Qxd4 Bxh6 12. O-O Qa5 13. Nd5 Nxd5 14. Bxd5 Qd2 15. Qxd2 Bxd2 16. Rad1 Be3+ 17. Kh1 Rac8 18. Rd3 Bh6 19. c3 Bb5 20. c4 Bxc4 21. Bxc4 Rxc4 0-1

[Event "24th Klatovy B 2016"]
[Site "Klatovy CZE"]
[Date "2016.07.02"]
[Round "1.47"]
[White "Pucholt, Martin"]
[Black "Janous, Marek"]
[Result "1-0"]
[WhiteElo "1641"]
[BlackElo "1200"]
[PlyCount "139"]
[EventDate "2016.07.02"]
[EventType "swiss"]
[EventRounds "9"]
[EventCountry "CZE"]

1. e4 c5 2. Nf3 Nc6 3. b3 e5 4. Bb2 Bd6 5. Nc3 Nf6 6. d3 O-O 7. g3 a6 8. Bg2 h6 9. Nh4 b5 10. Nf5 Nh7 11. Nxd6 Qc7 12. Nf5 Qd8 13. Qg4 Qg5 14. Qxg5 Nxg5 15. Nd5 d6 16. O-O Bxf5 17. exf5 Ra7 18. f4 exf4 19. Rxf4 Re8 20. h4 Nh7 21. Re4 Rxe4 22. Bxe4 Ne5 23. Bxe5 dxe5 24. Rf1 Nf6 25. Nxf6+ gxf6 26. Kf2 h5 27. Bf3 Rd7 28. Ke3 c4 29. bxc4 bxc4 30. Bxh5 cxd3 31. cxd3 Rc7 32. Rf2 Kf8 33. Rb2 Rc1 34. Be2 Kg7 35. g4 Rh1 36. h5 Rh3+ 37. Kd2 Rh2 38. Rb6 a5 39. Ra6 Rh1 40. Rxa5 Ra1 41. Ra8 Rb1 42. a4 Rb2+ 43. Ke3 Rb4 44. a5 Ra4 45. a6 Rb4 46. a7 Ra4 47. Bf3 Kh7 48. Bd5 Kg7 49. h6+ Kh7 50. Bxf7 Ra5 51. Bg6+ Kxh6 52. Rh8+ Kg5 53. a8=Q Rxa8 54. Rxa8 Kxg4 55. Ke4 Kg5 56. Kd5 Kh6 57. Ke6 Kg7 58. Ra7+ Kh6 59. Kf7 Kg5 60. Ra6 Kh6 61. Rxf6 Kg5 62. Re6 Kf4 63. f6 Kg5 64. Kg7 Kf4 65. f7 Ke3 66. f8=Q Kd4 67. Qd6+ Kc3 68. Qc5+ Kb3 69. Rb6+ Ka4 70. Qb4# 1-0

[Event "24th Klatovy B 2016"]
[Site "Klatovy CZE"]
[Date "2016.07.02"]
[Round "1.48"]
[White "Zimmermann, Ladislav"]
[Black "Kaspar, Lukas"]
[Result "0-1"]
[WhiteElo "1147"]
[BlackElo "1634"]
[PlyCount "40"]
[EventDate "2016.07.02"]
[EventType "swiss"]
[EventRounds "9"]
[EventCountry "CZE"]

1. e4 e6 2. Nf3 d5 3. Be2 dxe4 4. Ne5 Bd6 5. Nc4 Bc5 6. O-O Nf6 7. Nc3 O-O 8. Na4 Be7 9. d3 b5 10. Nc3 bxc4 11. dxe4 Ba6 12. e5 Nd5 13. Bf3 c6 14. Be2 Nd7 15. f4 Bc5+ 16. Kh1 Nxc3 17. bxc3 Nb6 18. a4 Qxd1 19. Rxd1 Rfd8 20. Rf1 Nd5 0-1

[Event "24th Klatovy B 2016"]
[Site "Klatovy CZE"]
[Date "2016.07.02"]
[Round "1.49"]
[White "Zimovcak, Zdenek"]
[Black "Velkoborsky, Jan"]
[Result "1-0"]
[WhiteElo "1632"]
[BlackElo "1100"]
[PlyCount "77"]
[EventDate "2016.07.02"]
[EventType "swiss"]
[EventRounds "9"]
[EventCountry "CZE"]

1. e4 e5 2. Nf3 Nc6 3. Bc4 Na5 4. Nxe5 Bd6 5. Nxf7 Qe7 6. Nxd6+ cxd6 7. Qh5+ g6 8. Qxa5 Qxe4+ 9. Be2 Qxg2 10. Rf1 Qxh2 11. c3 Ne7 12. d4 b6 13. Qg5 h6 14. Qe3 Bb7 15. Bf3 Bxf3 16. Qxf3 Rf8 17. Qxa8+ Kf7 18. Qf3+ Kg8 19. Qh1 Qxh1 20. Rxh1 Re8 21. Be3 Nf5 22. Ke2 Rxe3+ 23. fxe3 Ng3+ 24. Kf3 Nxh1 25. Nd2 Ng3 26. Kxg3 h5 27. Rf1 g5 28. Ne4 h4+ 29. Kh3 g4+ 30. Kxh4 d5 31. Nd6 g3 32. Kxg3 a5 33. Rf7 b5 34. Kg4 a4 35. Kg5 a3 36. bxa3 b4 37. Kg6 bxc3 38. Rxd7 c2 39. Rd8# 1-0

[Event "24th Klatovy B 2016"]
[Site "Klatovy CZE"]
[Date "2016.07.02"]
[Round "1.50"]
[White "Velkoborsky, Tadeas"]
[Black "Kubat, Zbynek"]
[Result "0-1"]
[WhiteElo "1100"]
[BlackElo "1629"]
[PlyCount "42"]
[EventDate "2016.07.02"]
[EventType "swiss"]
[EventRounds "9"]
[EventCountry "CZE"]

1. e4 e5 2. Nf3 Nc6 3. Bc4 h6 4. Nc3 Bc5 5. O-O a6 6. d3 Nf6 7. Bd2 O-O 8. Qe2 d6 9. a3 Bg4 10. b4 Ba7 11. Nd5 Nd4 12. Qd1 c6 13. Nxf6+ Qxf6 14. Be3 Nxf3+ 15. gxf3 Bxf3 16. Qd2 Qh4 17. Bxf7+ Rxf7 18. Bf4 Rxf4 19. Qxf4 Qxf4 20. h3 Qg5+ 21. Kh2 Qg2# 0-1

[Event "24th Klatovy B 2016"]
[Site "Klatovy CZE"]
[Date "2016.07.02"]
[Round "1.51"]
[White "Schille, Hannes"]
[Black "Dolejs, Jakub"]
[Result "1/2-1/2"]
[WhiteElo "1629"]
[BlackElo "1086"]
[PlyCount "48"]
[EventDate "2016.07.02"]
[EventType "swiss"]
[EventRounds "9"]
[EventCountry "CZE"]

1. d4 d5 2. c4 e6 3. Nf3 Nf6 4. Bg5 Be7 5. Nc3 O-O 6. e3 Nbd7 7. Qb3 Nb6 8. c5 Nbd7 9. Qd1 c6 10. Bd3 b6 11. b4 a5 12. a3 Ba6 13. O-O Ne4 14. Bxe7 Qxe7 15. Qc2 e5 16. Bxa6 Nxc3 17. Qxc3 Rxa6 18. Nxe5 Nxe5 19. dxe5 axb4 20. axb4 Rfa8 21. cxb6 Qb7 22. Rxa6 Rxa6 23. Qc5 Rxb6 24. Ra1 Rxb4 1/2-1/2

[Event "24th Klatovy B 2016"]
[Site "Klatovy CZE"]
[Date "2016.07.02"]
[Round "1.52"]
[White "Krejbich, Lukas"]
[Black "Vavrinkova, Eliska"]
[Result "0-1"]
[WhiteElo "1063"]
[BlackElo "1626"]
[PlyCount "86"]
[EventDate "2016.07.02"]
[EventType "swiss"]
[EventRounds "9"]
[EventCountry "CZE"]

1. d3 d5 2. Nf3 Nf6 3. g3 g6 4. e3 Bg7 5. Bg2 O-O 6. O-O c5 7. d4 c4 8. c3 Nc6 9. Nbd2 b5 10. a3 a5 11. b3 Ba6 12. Ne5 Qc7 13. f4 e6 14. e4 cxb3 15. Qxb3 Ne7 16. Re1 Rfc8 17. Bb2 Rab8 18. Rac1 a4 19. Qc2 Qa5 20. Qd1 Rc7 21. Re3 Rbc8 22. Qc2 Bb7 23. h3 dxe4 24. Nxe4 Nxe4 25. Bxe4 Bxe4 26. Qxe4 Nd5 27. Qd3 Nxe3 28. Qxe3 Bf8 29. Ba1 Bxa3 30. Rc2 b4 31. Nd3 bxc3 32. Nf2 Bb4 33. Ne4 a3 34. Nf6+ Kg7 35. Qe5 Qxe5 36. fxe5 Rd8 37. d5 exd5 38. g4 d4 39. Rc1 d3 40. Ne4 d2 41. Nxd2 cxd2 42. Rd1 Rc1 43. e6+ f6 0-1

[Event "24th Klatovy B 2016"]
[Site "Klatovy CZE"]
[Date "2016.07.02"]
[Round "1.53"]
[White "Vavrinkova, Jitka"]
[Black "Matejka, Jaromir"]
[Result "1/2-1/2"]
[WhiteElo "1625"]
[BlackElo "1000"]
[PlyCount "54"]
[EventDate "2016.07.02"]
[EventType "swiss"]
[EventRounds "9"]
[EventCountry "CZE"]

1. e4 e6 2. d4 d5 3. Nd2 Nf6 4. e5 Nfd7 5. Ngf3 c5 6. c3 Nc6 7. Nb3 c4 8. Nbd2 Qa5 9. Be2 Be7 10. O-O O-O 11. Ne1 b5 12. b4 cxb3 13. Qxb3 Rb8 14. Qc2 b4 15. Nb3 Qa4 16. Nd3 bxc3 17. Qxc3 Bb7 18. Bd2 Ba3 19. Nb2 Bxb2 20. Qxb2 Ba6 21. Bxa6 Qxa6 22. Qc3 Rfc8 23. Qg3 Ne7 24. f4 Rc2 25. Rfc1 Rbc8 26. Bb4 Nf5 27. Qe1 Qd3 1/2-1/2